00462nam a2200157Ia 450000500170000000800410001703700130005804000200007104100130009108400250010410000170012924501050014626000380025130000090028949000060029820250326143231.0250326s9999 xx 000 0 und d aTextbook aFMSLbengcFMSL aeng2eng aD658(2:55)k P3qFMSL aMehta Versha 0aEncyclopaedic dictionary of computer and internet; Encyclopedic Dictionary of InternetcMehta Versha aNew DelhibNew Delhi, Anmolc2003 a667p v2